00433nam a2200145 a 4500008004100000020001800041050001500059100001900074245007600093260002700169300003500196350001000231650002400241650002200265190806s2015 ||||||||||||||||| || u a9781119382973 aTJ 213 Nis aNise, Norman S10aNise's control systems engineering (Global edition).cBy Norman S. Nise aSingaporebWileyc2015 axvi, 919 pages : illustrations a58.50 0aSYSTEMS ENGINEERING 0aAUTOMATIC CONTROL